000 00516nam a22001937a 4500
003 KOHA_MİRAKIL
005 20251201075145.0
008 251201b tu ||||| |||| 00| 0 tur d
020 _a975.6486.52.X
040 _aTR-AnABB
_btur
_cTR-AnABB
041 _atur
082 _a341
_bPAZ 2008
100 1 _aPazarcı, Hüseyin,
245 1 0 _aUluslararası hukuk /
_cHüseyin Pazarcı
260 _aAnkara :
_bTurhan Kitabevi,
_c2008
300 _a703 sayfa ;
_c24 cm
650 0 4 _aHukuk
942 _2ddc
_cBK
999 _c9679
_d9679
900 _bGizem YORULMAZ